Phonétique - Pokémon 3ème Gén. - Statistiques

Statistiques générales
  • Ce quiz a été pris 21 fois
  • Le résultat moyen est 29 sur 30
Statistiques - réponses
Phonétique Réponse % Correct
/absɔl/ Absol
100%
/altaʁja/ Altaria
100%
/anoʁit/ Anorith
100%
/aʁakdo/ Arakdo
100%
/aʁko/ Arcko
100%
/aʁmaldo/ Armaldo
100%
/aʁmylis/ Armulys
100%
/avaltu/ Avaltout
100%
/azyʁil/ Azurill
100%
/balbyto/ Balbuto
100%
/baliɲɔ̃/ Balignon
100%
/baʁbiʃa/ Barbicha
100%
/baʁlɔʃ/ Barloche
100%
/bekipɑ̃/ Bekipan
100%
/blɛ̃dalis/ Blindalys
100%
/bʁanɛt/ Branette
100%
/kaknea/ Cacnea
100%
/kameʁypt/ Camérupt
100%
/kaʁvana/ Carvanha
100%
/ʃamalo/ Chamallot
100%
/ʃapiɲɔ̃/ Chapignon
100%
/ʃaʁmijɔ̃/ Charmillon
100%
/ʃaʁmina/ Charmina
100%
/ʃaʁtɔʁ/ Chartor
100%
/ʃønipɔt/ Chenipotte
100%
/kɔlomaʁ/ Colhomard
100%
/kokipɛʁl/ Coquiperl
100%
/dɛlkati/ Delcatty
100%
/deoksis/ Deoxys
100%
/dʁabi/ Draby
100%
/dʁatak/ Drattak
100%
/dinavɔlt/ Dynavolt
100%
/ekʁapɛ̃s/ Ecrapince
100%
/elɛkspʁint/ Elecsprint
100%
/eoko/ Eoko
100%
/flobjo/ Flobio
100%
/galekid/ Galekid
100%
/galekiŋg/ Galeking
100%
/galifø/ Galifeu
100%
/gaʁdəvwaʁ/ Gardevoir
100%
/glupti/ Gloupti
100%
/gobu/ Gobou
100%
/goeliz/ Goélise
100%
/ɡʁajena/ Grahyèna
100%
/gʁɛnipjo/ Grainipiot
100%
/gʁoʁɛ/ Groret
100%
/gʁudɔ̃/ Groudon
100%
/aʁjama/ Hariyama
100%
/eledɛl/ Hélédelle
100%
/dʒiʁatʃi/ Jirachi
100%
/dʒənko/ Jungko
100%
/kajmɔʁs/ Kaimorse
100%
/kaoʁin/ Kaorine
100%
/keklɔ̃/ Kecleon
100%
/kiʁlia/ Kirlia
100%
/kʁaknwa/ Kraknoix
100%
/lagʁɔ̃/ Laggron
100%
/latjas/ Latias
100%
/latjos/ Latios
100%
/libegɔ̃/ Libégon
100%
/lilja/ Lilia
100%
/lineɔ̃/ Linéon
100%
/lɔ̃mbre/ Lombre
100%
/lydikolo/ Ludicolo
100%
/maskadʁa/ Maskadra
100%
/masko/ Massko
100%
/meditika/ Méditikka
100%
/metalɔs/ Métalosse
100%
/metɑ̃ŋg/ Métang
100%
/milobelys/ Milobellus
100%
/monaflɛmit/ Monaflèmit
100%
/mɔʁfeo/ Morphéo
100%
/mundʒa/ Munja
100%
/negapi/ Négapi
100%
/nenypjo/ Nénupiot
100%
/ningal/ Ningale
100%
/nindʒask/ Ninjask
100%
/niʁɔ̃dɛl/ Nirondelle
100%
/obali/ Obalie
100%
/okeoke/ Okéoké
100%
/oniglali/ Oniglali
100%
/papinɔks/ Papinox
100%
/paʁekul/ Parecool
100%
/foglœʁ/ Phogleur
100%
/poliʃɔ̃bʁ/ Polichombr
100%
/pozipi/ Posipi
100%
/pusifø/ Poussifeu
100%
/ʁɑ̃mbum/ Ramboum
100%
/regirɔk/ Regirock
100%
/registil/ Registeel
100%
/ʁəlikɑ̃t/ Relicanth
100%
/ʁozelja/ Rosélia
100%
/seleʁɔk/ Séléroc
100%
/sɛʁpɑ̃ŋg/ Serpang
100%
/sevipɛʁ/ Séviper
100%
/ʃaʁpedo/ Sharpedo
100%
/skəlenɔks/ Skelénox
100%
/skiti/ Skitty
100%
/solaʁɔk/ Solaroc
100%
/spinda/ Spinda
100%
/spɔjŋk/ Spoink
100%
/stalgamɛ̃/ Stalgamin
100%
/taʁinɔʁ/ Tarinor
100%
/taʁsal/ Tarsal
100%
/tenefiks/ Ténéfix
100%
/teʁaklɔp/ Téraclope
100%
/teʁal/ Terhal
100%
/tʁopjys/ Tropius
100%
/vasilis/ Vacilys
100%
/vibʁanɛ̃f/ Vibraninf
100%
/vigoʁɔt/ Vigoroth
100%
/wɛjlmɛʁ/ Wailmer
100%
/wɛjlɔʁd/ Wailord
100%
/zigzatɔ̃/ Zigzaton
100%
/lymivɔl/ Lumivole
88%
/bʁuabam/ Brouhabam
86%
/ʁozabis/ Rosabyss
86%
/makuita/ Makuhita
83%
/mɑ̃gʁif/ Mangriff
83%
/baʁpo/ Barpau
80%
/galegɔ̃/ Galegon
80%
/kjɔgʁ/ Kyogre
80%
/pifœj/ Pifeuil
80%
/tiltɔ̃/ Tylton
80%
/bʁazegali/ Braségali
75%
/regajs/ Regice
75%
/lɔvdisk/ Lovdisc
67%
/ʁɛjkwadza/ Rayquaza
67%
/tɑ̃galis/ Tengalice
67%
/kaktyʁn/ Cacturne
60%
/ʃyʃmyʁ/ Chuchmur
50%
/dʁakos/ Drackhaus
50%
/mysjɔl/ Muciole
50%
/medjena/ Medhyèna
0%
/misdibyl/ Mysdibule
0%
Aucun quiz correspondant
Distribution des résultats
% des personnes avec chaque résultat
Percentile par nombre de réponses
Votre historique - résultats
Vous n’avez pas pris ce quiz